=LDR 00000nam 2200000 4500 =001 INLIS000000000024188 =005 20231003010823 =035 ##$$a 0010-061300000024188 =008 231003################g##########0#ind## =041 ##$$a Ind =082 ##$$a 028.5 =090 ##$$a 2X1.6, Hid t =100 ##$$a Hidayat, kidh =245 1#$$a 30 dongeng sebelum tidur untuk anak-anak muslim 01 /$c Kidh Hidayat =260 ##$$a Surabaya :$b Mitra Ummat,$c 2001 =300 ##$$a 95 hlm : $b Ilus ; $c 21 cm =650 #4$$a Dongeng =850 ##$$a NBPNMAT =084 ##$$a 028.5 HID t =990 ##$$a 1038542 =990 ##$$a 1038064 =990 ##$$a 07930793 =990 ##$$a 1038065 =990 ##$$a 1038542 =990 ##$$a 1038064 =990 ##$$a 25902590 =990 ##$$a 1038067 =990 ##$$a 1038542 =990 ##$$a 1038064 =990 ##$$a 1038065